[Event "Mitropa Cup (Women)"]
[Site "Apolda"]
[Date "2024.02.21"]
[Round "7.6"]
[White "Berke, Ana"]
[Black "Koubova, Anna Marie"]
[Result "0-1"]
[WhiteElo "2075"]
[BlackElo "2098"]
[PlyCount "74"]
[EventDate "2024.02.15"]
[EventType "team-tourn"]
[EventRounds "9"]
[EventCountry "GER"]
[SourceTitle "CB09_2024"]
[SourceDate "2024.02.28"]
[SourceVersion "1"]
[SourceVersionDate "2024.02.28"]
[SourceQuality "1"]
[WhiteTeam "Croatia (W)"]
[BlackTeam "Czech Republic (W)"]
[WhiteTeamCountry "CRO"]
[BlackTeamCountry "CZE"]

1. e4 e6 2. d4 d5 3. Nd2 c5 4. dxc5 Bxc5 5. Bd3 Nf6 6. Qe2 Nc6 7. Ngf3 Nb4 8. e5 Nxd3+ 9. cxd3 Nd7 10. h4 b6 11. h5 h6 12. Nb3 Ba6 13. Rh3 0-0 14. Nfd4 Bb4+ 15. Kf1 Rc8 16. Bf4 Qe7 17. Qg4 Kh8 18. a3 Bc5 19. Re1 Bxd4 20. Nxd4 Nc5 21. Rg3 Rg8 22. Rd1 Na4 23. b4 Nb2 24. Rd2 Rc1+ 25. Ke2 Nxd3 26. Rgxd3 Bc4 27. Qf3 Qh4 28. Rc2 Ra1 29. Rxc4 dxc4 30. Rd1 Rxd1 31. Kxd1 Rd8 32. Qe3 Qh1+ 33. Ke2 Qa1 34. Bxh6 Rxd4 35. Bxg7+ Kxg7 36. Qg5+ Kh7 37. Kf3 Qc3+ 0-1

[Event "Mitropa Cup (Women)"]
[Site "Apolda"]
[Date "2024.02.18"]
[Round "4.19"]
[White "Berke, Ana"]
[Black "Navrotescu, Andreea Cristiana"]
[Result "1-0"]
[WhiteElo "2075"]
[BlackElo "2222"]
[PlyCount "101"]
[EventDate "2024.02.15"]
[EventType "team-tourn"]
[EventRounds "9"]
[EventCountry "GER"]
[SourceTitle "CB09_2024"]
[SourceDate "2024.02.28"]
[SourceVersion "1"]
[SourceVersionDate "2024.02.28"]
[SourceQuality "1"]
[WhiteTeam "Croatia (W)"]
[BlackTeam "France (W)"]
[WhiteTeamCountry "CRO"]
[BlackTeamCountry "FRA"]

1. e4 e5 2. Nf3 Nc6 3. Bb5 a6 4. Ba4 d6 5. 0-0 Bg4 6. c3 Qf6 7. d3 Nge7 8. Nbd2 g5 9. Re1 Ng6 10. h3 Bd7 11. Nf1 Nf4 12. Ne3 Qg6 13. Nd5 0-0-0 14. b4 Rg8 15. Nh2 h5 16. b5 axb5 17. Bxb5 g4 18. hxg4 hxg4 19. Nxf4 exf4 20. Bxf4 Bh6 21. Bg3 f5 22. exf5 Qxf5 23. Qa4 Bd2 24. Reb1 Bxc3 25. Qa8+ Nb8 26. Qxb7+ Kxb7 27. Bxd7+ Ka7 28. Bxf5 Nc6 29. Bxg4 Nd4 30. a4 Bxa1 31. Rxa1 Rb8 32. f4 c5 33. Bf2 Nc2 34. Rc1 Nb4 35. Rd1 Rgf8 36. g3 Ka6 37. Bd7 Rb7 38. Bb5+ Kb6 39. d4 c4 40. d5+ Ka5 41. Bxc4 Nc2 42. Bb5 Kb4 43. Nf3 Rg7 44. Ng5 Rc8 45. Rb1+ Ka5 46. Bc6 Na3 47. Rb3 Nc4 48. Ne6 Rh7 49. Be1+ Ka6 50. Bb5+ Ka7 51. Bf2+ 1-0

[Event "Bosnjaci op 28th"]
[Site "Bosnjaci"]
[Date "2024.01.08"]
[Round "8"]
[White "Berke, Ana"]
[Black "Jocev, Milan"]
[Result "1/2-1/2"]
[WhiteElo "2092"]
[BlackElo "2376"]
[PlyCount "38"]
[EventDate "2024.01.03"]
[EventType "swiss"]
[EventRounds "9"]
[EventCountry "CRO"]
[SourceTitle "CB02_2024"]
[SourceDate "2024.01.10"]
[SourceVersion "1"]
[SourceVersionDate "2024.01.10"]
[SourceQuality "1"]

1. e4 e5 2. Nf3 Nc6 3. Bb5 a6 4. Ba4 Nf6 5. d3 b5 6. Bb3 Be7 7. 0-0 d6 8. c3 0-0 9. Re1 Na5 10. Bc2 c5 11. Nbd2 Nc6 12. Nf1 Re8 13. h3 h6 14. d4 cxd4 15. cxd4 Nxd4 16. Nxd4 exd4 17. Qxd4 Bb7 18. Ng3 Rc8 19. Bb3 d5 1/2-1/2

[Event "AUT-chT (Women) 2324"]
[Site "Austria"]
[Date "2023.11.24"]
[Round "1.1"]
[White "Berke, Ana"]
[Black "Wagner, Dinara"]
[Result "0-1"]
[WhiteElo "2078"]
[BlackElo "2467"]
[PlyCount "134"]
[EventDate "2023.11.24"]
[EventType "team-tourn"]
[EventRounds "9"]
[EventCountry "AUT"]
[SourceTitle "CB48_2023"]
[SourceDate "2023.11.29"]
[SourceVersion "1"]
[SourceVersionDate "2023.11.29"]
[SourceQuality "1"]
[WhiteTeam "St Veit/Glan (W)"]
[BlackTeam "Baden (W)"]
[WhiteTeamCountry "AUT"]
[BlackTeamCountry "AUT"]

1. e4 c5 2. Nf3 Nc6 3. Bb5 e6 4. c4 Nge7 5. Nc3 a6 6. Ba4 b6 7. d4 cxd4 8. Nxd4 Bb7 9. 0-0 Nxd4 10. Qxd4 Nc6 11. Qe3 Bc5 12. Qg3 0-0 13. Rd1 f6 14. Be3 Rf7 15. Bc2 e5 16. Rac1 Nd4 17. a3 Rc8 18. Bd3 Nb3 19. Rc2 Kh8 20. Nd5 d6 21. Rc3 Bxe3 22. fxe3 Nc5 23. Bc2 Bxd5 24. Rxd5 Rfc7 25. Qe1 Qe7 26. Qd2 Rc6 27. h3 g6 28. Kh2 R8c7 29. Qd1 Kg7 30. Qd2 h5 31. Qd1 Kh6 32. Rd2 Ne6 33. Bd3 Nc5 34. Bc2 Ne6 35. Bd3 Ng5 36. Rf2 b5 37. h4 Nf7 38. Qf1 Kg7 39. Rfc2 Nh6 40. Kg1 Ng4 41. Be2 Nh6 42. Qc1 bxc4 43. Rxc4 Rxc4 44. Rxc4 Rxc4 45. Qxc4 f5 46. Qd5 Qxh4 47. Qb7+ Kf6 48. Qb6 Qe1+ 49. Bf1 Nf7 50. a4 a5 51. b4 Qxb4 52. Qxb4 axb4 53. Bc4 Nd8 54. Bd5 Ne6 55. a5 Nc7 56. Kf2 fxe4 57. Bxe4 d5 58. Bb1 e4 59. Ba2 Ke5 60. Ke2 Kd6 61. g4 h4 62. g5 Kc5 63. Kf2 Kb5 64. Kg2 Kxa5 65. Kh3 Ka4 66. Kxh4 Ka3 67. Bb1 Kb2 0-1

[Event "EU-chT (Women) 24th"]
[Site "Budva"]
[Date "2023.11.20"]
[Round "9.13"]
[White "Hagarova, Zuzana"]
[Black "Berke, Ana"]
[Result "1-0"]
[WhiteElo "2292"]
[BlackElo "2078"]
[PlyCount "123"]
[EventDate "2023.11.11"]
[EventType "team-swiss"]
[EventRounds "9"]
[EventCountry "MNE"]
[SourceTitle "CB47_2023"]
[SourceDate "2023.11.22"]
[SourceVersion "1"]
[SourceVersionDate "2023.11.22"]
[SourceQuality "1"]
[WhiteTeam "Slovakia (W)"]
[BlackTeam "Croatia (W)"]
[WhiteTeamCountry "SVK"]
[BlackTeamCountry "CRO"]

1. e4 c5 2. Nf3 d6 3. d4 cxd4 4. Nxd4 Nf6 5. Nc3 a6 6. Bg5 Nbd7 7. Qe2 e6 8. 0-0-0 Qc7 9. f4 b5 10. a3 Be7 11. Bxf6 Nxf6 12. g4 h6 13. Bg2 Bb7 14. h4 Nd7 15. g5 hxg5 16. hxg5 Rxh1 17. Bxh1 g6 18. Qh2 0-0-0 19. Qh7 e5 20. Ne6 fxe6 21. Qxe7 Nc5 22. Qf6 exf4 23. Qxf4 Qe7 24. e5 dxe5 25. Bxb7+ Nxb7 26. Qxe5 Rxd1+ 27. Nxd1 Qd6 28. Qe4 e5 29. Nc3 Nc5 30. Qa8+ Kd7 31. Qf3 Qe7 32. Qd5+ Qd6 33. Qf7+ Kc6 34. b4 Nb7 35. Ne4 Qd4 36. Qxg6+ Kc7 37. Kb1 a5 38. Qf7+ Kb6 39. Qf6+ Ka7 40. Qf2 Qxf2 41. Nxf2 Nd6 42. g6 Nf5 43. Ng4 axb4 44. axb4 e4 45. Kc1 Kb6 46. Nf6 Kc6 47. Kd2 e3+ 48. Kd3 Kd6 49. Ng4 Ke6 50. Nxe3 Ne7 51. g7 Kf7 52. Kd4 Kxg7 53. Kc5 Kf7 54. Kxb5 Ke6 55. Kc5 Kd7 56. b5 Kc8 57. Nd5 Nf5 58. Kb6 Kb8 59. c4 Nd6 60. c5 Nc8+ 61. Ka6 Na7 62. Nb6 1-0

[Event "BIH-chT (Women)"]
[Site "Sarajevo"]
[Date "2023.11.02"]
[Round "4.1"]
[White "Berke, Ana"]
[Black "Tomic, Milanka"]
[Result "1-0"]
[WhiteElo "2078"]
[BlackElo "1830"]
[PlyCount "43"]
[EventDate "2023.10.31"]
[EventType "team-tourn"]
[EventRounds "5"]
[EventCountry "BIH"]
[SourceTitle "Mega2024 Update 01"]
[Source "Chessbase"]
[SourceDate "2023.11.12"]
[SourceVersion "1"]
[SourceVersionDate "2023.11.12"]
[SourceQuality "1"]
[WhiteTeam "Sarajevo CC (W)"]
[BlackTeam "Zenica Napredak (W)"]
[WhiteTeamCountry "BIH"]
[BlackTeamCountry "BIH"]

1. e4 e5 2. Nf3 Nf6 3. Nxe5 d6 4. Nf3 Nxe4 5. d4 d5 6. Bd3 Bd6 7. 0-0 0-0 8. c4 c6 9. Nc3 Nxc3 10. bxc3 h6 11. Re1 Be6 12. cxd5 Bxd5 13. c4 Bxf3 14. Qxf3 Qh4 15. g3 Qxd4 16. Rb1 Bc5 17. Rxb7 Na6 18. Bb2 Qd6 19. Ree7 Rab8 20. Be5 Qd8 21. Qg4 g6 22. Qxg6+ 1-0

[Event "BIH-chT (Women)"]
[Site "Sarajevo"]
[Date "2023.11.01"]
[Round "2.1"]
[White "Arutyunova, Diana"]
[Black "Berke, Ana"]
[Result "0-1"]
[WhiteElo "2128"]
[BlackElo "2078"]
[PlyCount "49"]
[EventDate "2023.10.31"]
[EventType "team-tourn"]
[EventRounds "5"]
[EventCountry "BIH"]
[SourceTitle "Mega2024 Update 01"]
[Source "Chessbase"]
[SourceDate "2023.11.12"]
[SourceVersion "1"]
[SourceVersionDate "2023.11.12"]
[SourceQuality "1"]
[WhiteTeam "Zenica Preporod (W)"]
[BlackTeam "Sarajevo CC (W)"]
[WhiteTeamCountry "BIH"]
[BlackTeamCountry "BIH"]

1. e4 c5 2. Nf3 d6 3. d4 cxd4 4. Nxd4 Nf6 5. Nc3 a6 6. h3 e5 7. Nb3 Be7 8. g4 h6 9. a4 b6 10. Nd5 Nxd5 11. Qxd5 Ra7 12. Bc4 Be6 13. Qd3 Rc7 14. Nd2 Qc8 15. Bxe6 fxe6 16. c4 Nc6 17. b3 0-0 18. Ba3 Nd4 19. Bb2 Bh4 20. Bxd4 exd4 21. Nf3 Rxf3 22. Qxf3 Rf7 23. Qd3 Rxf2 24. 0-0-0 Qf8 25. Kb1 0-1

[Event "CRO-chT (Women) 31st"]
[Site "Veli Losinj"]
[Date "2023.10.18"]
[Round "9.1"]
[White "Berke, Ana"]
[Black "Cyfka, Karina"]
[Result "0-1"]
[WhiteElo "2147"]
[BlackElo "2350"]
[PlyCount "50"]
[EventDate "2023.10.11"]
[EventType "team-tourn"]
[EventRounds "9"]
[EventCountry "CRO"]
[SourceTitle "Mega2024 Update 01"]
[Source "Chessbase"]
[SourceDate "2023.11.12"]
[SourceVersion "1"]
[SourceVersionDate "2023.11.12"]
[SourceQuality "1"]
[WhiteTeam "Rijeka Draga (W)"]
[BlackTeam "Strizivojna Amater (W)"]
[WhiteTeamCountry "CRO"]
[BlackTeamCountry "CRO"]

1. e4 e5 2. Nf3 Nc6 3. Bb5 a6 4. Ba4 Nf6 5. d3 d6 6. c3 g6 7. 0-0 Bg7 8. b4 0-0 9. Nbd2 b5 10. Bc2 a5 11. bxa5 Rxa5 12. a4 b4 13. Nb3 Ra8 14. Bd2 Rb8 15. c4 Nh5 16. Be3 f5 17. exf5 Bxf5 18. d4 Bxc2 19. Qxc2 Rxf3 20. gxf3 exd4 21. Qe4 dxe3 22. Qxc6 e2 23. Qd5+ Kh8 24. Rfe1 Nf4 25. Qa5 Ra8 0-1

[Event "EU-ch (Women) 23rd"]
[Site "Petrovac"]
[Date "2023.03.22"]
[Round "5"]
[White "Eric, Jovana"]
[Black "Berke, Ana"]
[Result "1-0"]
[WhiteElo "2230"]
[BlackElo "2107"]
[PlyCount "83"]
[EventDate "2023.03.18"]
[EventType "swiss"]
[EventRounds "11"]
[EventCountry "MNE"]
[SourceTitle "CBM 213 Extra"]
[Source "ChessBase"]
[SourceDate "2023.05.31"]
[SourceVersion "1"]
[SourceVersionDate "2023.05.31"]
[SourceQuality "1"]

1. e4 e6 2. d4 d5 3. Nc3 dxe4 4. Nxe4 Nd7 5. Nf3 Ngf6 6. Nxf6+ Nxf6 7. g3 b6 8. Bg2 Bb7 9. 0-0 Be7 10. Qe2 0-0 11. Rd1 Qc8 12. c4 Re8 13. b3 a5 14. a4 c5 15. Bb2 Qc7 16. Re1 cxd4 17. Bxd4 Rad8 18. Rad1 Bb4 19. Rf1 Bc5 20. Bxc5 bxc5 21. Qe5 Qb6 22. Qe3 h6 23. h3 Be4 24. Ne5 Bxg2 25. Kxg2 Rd6 26. Qf3 Red8 27. Rxd6 Qxd6 28. Nc6 Rd7 29. Nxa5 e5 30. Qa8+ Kh7 31. Qc6 Qd4 32. Nb7 Ne4 33. a5 Nd2 34. Rd1 e4 35. Rxd2 Qxd2 36. Qxe4+ g6 37. a6 Qa2 38. Nxc5 Rc7 39. b4 Qa3 40. Qe5 Rc6 41. Nd7 Rxa6 42. Qe7 1-0

[Event "EU-ch (Women) 23rd"]
[Site "Petrovac"]
[Date "2023.03.20"]
[Round "3"]
[White "Urh, Zala"]
[Black "Berke, Ana"]
[Result "1-0"]
[WhiteElo "2294"]
[BlackElo "2107"]
[PlyCount "61"]
[EventDate "2023.03.18"]
[EventType "swiss"]
[EventRounds "11"]
[EventCountry "MNE"]
[SourceTitle "CBM 213 Extra"]
[Source "ChessBase"]
[SourceDate "2023.05.31"]
[SourceVersion "1"]
[SourceVersionDate "2023.05.31"]
[SourceQuality "1"]

1. d4 Nf6 2. c4 e6 3. Nc3 Bb4 4. a3 Bxc3+ 5. bxc3 c5 6. f3 d5 7. cxd5 Nxd5 8. dxc5 Qa5 9. e4 Nf6 10. Be3 0-0 11. Qb3 Nfd7 12. a4 Qc7 13. Qa3 Na6 14. Bxa6 bxa6 15. Ne2 Ne5 16. 0-0 Nc4 17. Qc1 e5 18. Bf2 Rb8 19. Rd1 Rb2 20. Ng3 Be6 21. Nf5 Rfb8 22. h4 f6 23. Rd3 Bxf5 24. exf5 e4 25. fxe4 Rxf2 26. Kxf2 Rb2+ 27. Kg1 Qxc5+ 28. Rd4 h6 29. Kh1 Re2 30. Qf1 Re3 31. Qxc4+ 1-0

[Event "Mediterranean Flower (Women) 23rd"]
[Site "Rijeka"]
[Date "2023.03.09"]
[Round "7"]
[White "Berke, Ana"]
[Black "Radeva, Viktoria"]
[Result "0-1"]
[WhiteElo "2107"]
[BlackElo "2247"]
[PlyCount "74"]
[EventDate "2023.03.05"]
[EventType "tourn"]
[EventRounds "9"]
[EventCountry "CRO"]
[SourceTitle "CBM 213 Extra"]
[Source "ChessBase"]
[SourceDate "2023.05.31"]
[SourceVersion "1"]
[SourceVersionDate "2023.05.31"]
[SourceQuality "1"]

1. e4 c5 2. Nf3 a6 3. c4 Nc6 4. d4 cxd4 5. Nxd4 e5 6. Nxc6 dxc6 7. Qxd8+ Kxd8 8. Be3 Nf6 9. f3 Kc7 10. Nc3 Be6 11. Be2 Nd7 12. Kf2 b5 13. Rhc1 Kb7 14. Rc2 Be7 15. a4 b4 16. Nd5 Bf8 17. c5 a5 18. Rac1 Rc8 19. Bb5 f5 20. g3 g5 21. Nb6 Nxb6 22. cxb6 cxb5 23. Rxc8 Bxc8 24. Rc7+ Kb8 25. Bxg5 Rg8 26. Bf6 Rg6 27. Rf7 Bc5+ 28. Ke2 fxe4 29. fxe4 Bd4 30. axb5 a4 31. Be7 b3 32. Ba3 Rxb6 33. Rxh7 Rxb5 34. Kd3 Ba6 35. Bd6+ Kc8 36. Rc7+ Kd8 37. Ra7 Bxa7 0-1

[Event "Mediterranean Flower (Women) 23rd"]
[Site "Rijeka"]
[Date "2023.03.07"]
[Round "4"]
[White "Berke, Ana"]
[Black "Manakova, Maria"]
[Result "0-1"]
[WhiteElo "2107"]
[BlackElo "2166"]
[PlyCount "62"]
[EventDate "2023.03.05"]
[EventType "tourn"]
[EventRounds "9"]
[EventCountry "CRO"]
[SourceTitle "CBM 213 Extra"]
[Source "ChessBase"]
[SourceDate "2023.05.31"]
[SourceVersion "1"]
[SourceVersionDate "2023.05.31"]
[SourceQuality "1"]

1. e4 c5 2. Nf3 Nc6 3. Bb5 d6 4. d4 cxd4 5. Qxd4 a6 6. Bxc6+ bxc6 7. c4 e5 8. Qd3 Ne7 9. Nc3 Ng6 10. h4 Be7 11. h5 Nf8 12. Be3 Bg4 13. h6 g6 14. Nh2 Bc8 15. Nf3 f5 16. 0-0-0 f4 17. Bd2 Ne6 18. Na4 Qc7 19. Bc3 Qa7 20. b4 a5 21. c5 Ba6 22. Qc2 axb4 23. cxd6 bxc3 24. dxe7 Be2 25. Nxc3 Bxf3 26. gxf3 Nd4 27. Qd3 Qa3+ 28. Kd2 Qb2+ 29. Ke1 Ra3 30. Kf1 Rxc3 31. Qa6 Qb5+ 0-1

[Event "EU-ch Cities&Town (Women) op"]
[Site "Tornelo INT"]
[Date "2023.01.29"]
[Round "?"]
[White "Berke, Ana"]
[Black "Sklavounou, Iliana"]
[Result "1-0"]
[WhiteElo "2108"]
[BlackElo "1296"]
[PlyCount "45"]
[EventDate "2023.01.29"]
[EventType "team-swiss"]
[EventRounds "9"]
[EventCountry "NET"]
[SourceTitle "CBM 212 Extra"]
[Source "ChessBase"]
[SourceDate "2023.03.31"]
[SourceVersion "1"]
[SourceVersionDate "2023.03.31"]
[SourceQuality "1"]
[WhiteTeam "Rijeka"]
[BlackTeam "Corfu"]
[WhiteTeamCountry "CRO"]
[BlackTeamCountry "GRE"]

1. e4 c5 2. Nf3 d6 3. d4 cxd4 4. Nxd4 Nf6 5. f3 e5 6. Nb3 Be7 7. Be3 0-0 8. c4 Nc6 9. Nc3 Be6 10. Be2 Rc8 11. Rc1 Na5 12. Nxa5 Qxa5 13. 0-0 Bxc4 14. Bxc4 Rc5 15. Nd5 Nxd5 16. Bxd5 Rxc1 17. Qxc1 b6 18. Qc3 Qb5 19. Rc1 Qd7 20. Qc7 Qxc7 21. Rxc7 Bh4 22. g3 Bf6 23. Rxa7 1-0

[Event "EU-ch Cities&Town (Women) op"]
[Site "Tornelo INT"]
[Date "2023.01.29"]
[Round "?"]
[White "Berke, Ana"]
[Black "Zarkada, Athina"]
[Result "1-0"]
[WhiteElo "2108"]
[BlackElo "1219"]
[PlyCount "101"]
[EventDate "2023.01.29"]
[EventType "team-swiss"]
[EventRounds "9"]
[EventCountry "NET"]
[SourceTitle "CBM 212 Extra"]
[Source "ChessBase"]
[SourceDate "2023.03.31"]
[SourceVersion "1"]
[SourceVersionDate "2023.03.31"]
[SourceQuality "1"]
[WhiteTeam "Rijeka"]
[BlackTeam "Athens Kallithea"]
[WhiteTeamCountry "CRO"]
[BlackTeamCountry "GRE"]

1. e4 c5 2. Nf3 d6 3. d4 cxd4 4. Nxd4 Nf6 5. f3 a6 6. c4 Nc6 7. Be3 Bd7 8. Nc3 e6 9. Be2 Be7 10. 0-0 0-0 11. Qd2 Rc8 12. b3 Ne5 13. a4 Qc7 14. Rfd1 Rfd8 15. Rac1 Bf8 16. Bf1 Be8 17. Qf2 Kh8 18. Kh1 Kg8 19. Nc2 Bc6 20. Bb6 Qd7 21. Bxd8 Rxd8 22. Nd4 Qc7 23. b4 Qb6 24. b5 Be8 25. Qa2 Rc8 26. a5 Qc7 27. b6 Qd8 28. Nce2 Nc6 29. Nxc6 Bxc6 30. Nd4 Be8 31. c5 dxc5 32. Nxe6 Qe7 33. Nc7 Qe5 34. Bc4 Bd6 35. Rxd6 Qxd6 36. Nxe8 Nxe8 37. Bxf7+ Kh8 38. h3 Nf6 39. Qc4 Qf4 40. Rd1 Qg5 41. Qe6 Rf8 42. e5 Nh5 43. Bxh5 Qxh5 44. Rd7 Qg5 45. Qg4 Qxe5 46. f4 Qe1+ 47. Kh2 Qc3 48. Rxb7 c4 49. Rc7 Qd4 50. b7 h6 51. Rc8 1-0

[Event "EU-ch Cities&Town (Women) op"]
[Site "Tornelo INT"]
[Date "2023.01.29"]
[Round "?"]
[White "Toma, Katarzyna"]
[Black "Berke, Ana"]
[Result "0-1"]
[WhiteElo "2232"]
[BlackElo "2108"]
[PlyCount "102"]
[EventDate "2023.01.29"]
[EventType "team-swiss"]
[EventRounds "9"]
[EventCountry "NET"]
[SourceTitle "CBM 212 Extra"]
[Source "ChessBase"]
[SourceDate "2023.03.31"]
[SourceVersion "1"]
[SourceVersionDate "2023.03.31"]
[SourceQuality "1"]
[WhiteTeam "London (W)"]
[BlackTeam "Rijeka"]
[WhiteTeamCountry "ENG"]
[BlackTeamCountry "CRO"]

1. e4 c5 2. Nf3 d6 3. d4 cxd4 4. Qxd4 e5 5. Bb5+ Nc6 6. Qd3 h6 7. c4 Nf6 8. Nc3 Be7 9. 0-0 0-0 10. h3 a6 11. Ba4 Rb8 12. Rd1 Nb4 13. Qe2 Qc7 14. Be3 Be6 15. Nd5 Nbxd5 16. cxd5 Bd7 17. Bxd7 Qxd7 18. Bb6 Bd8 19. Bxd8 Rfxd8 20. Nh4 g6 21. Nf3 Kg7 22. Nd2 Rbc8 23. Rdc1 b5 24. Nb3 Rxc1+ 25. Rxc1 Rc8 26. Rc2 Qd8 27. Rc6 Nh5 28. Qc2 Rb8 29. Rxa6 Nf4 30. Kh2 Qh4 31. Rxd6 g5 32. f3 h5 33. Rd7 Rc8 34. Qxc8 Qf2 35. Rxf7+ Kxf7 36. Qf5+ Ke8 37. Qxe5+ Kf8 38. Qf5+ Ke8 39. Qxg5 Ne2 40. Qxh5+ Ke7 41. Qg5+ Ke8 42. h4 Qg1+ 43. Kh3 Qh1+ 44. Kg4 Qxg2+ 45. Kh5 Qxf3+ 46. Kh6 Ng3 47. Qg6+ Kd8 48. h5 Nxe4 49. Kh7 Nf6+ 50. Kh8 Ne8 51. Nc5 Qf8+ 0-1

[Event "Sharjah Cup (Women) 12th"]
[Site "Sharjah"]
[Date "2022.12.13"]
[Round "6"]
[White "Berke, Ana"]
[Black "Ovezdurdiyeva, Jemal"]
[Result "0-1"]
[WhiteElo "2149"]
[BlackElo "2066"]
[PlyCount "106"]
[EventDate "2022.12.09"]
[EventType "swiss"]
[EventRounds "9"]
[EventCountry "UAE"]
[SourceTitle "CBM 211 Extra"]
[Source "ChessBase"]
[SourceDate "2023.01.31"]
[SourceVersion "1"]
[SourceVersionDate "2023.01.31"]
[SourceQuality "1"]

1. e4 c5 2. Nf3 d6 3. d4 cxd4 4. Nxd4 Nf6 5. f3 e5 6. Nb3 Be6 7. c4 Nbd7 8. Be3 Rc8 9. Nc3 Bxc4 10. Bxc4 Rxc4 11. Qd3 Rc6 12. g4 h6 13. 0-0-0 Be7 14. Kb1 a6 15. h4 Nh7 16. Nd5 Bxh4 17. Nb4 Rc8 18. Qxd6 Be7 19. Qd2 0-0 20. Nd5 Bg5 21. f4 exf4 22. Bxf4 Ndf6 23. Qb4 Nxd5 24. Rxd5 Qf6 25. Bd6 Qf3 26. Rhd1 Rfe8 27. e5 a5 28. Qxa5 Qxg4 29. Qb5 Nf8 30. Qxb7 Qe4+ 31. Ka1 Ne6 32. Qb5 Ra8 33. a3 h5 34. Nd2 Qg4 35. Nc4 h4 36. Nb6 Rad8 37. a4 h3 38. Rh1 Be3 39. a5 Nd4 40. Qd3 Qg2 41. Rxh3 Qxh3 42. Rxd4 Qh1+ 43. Ka2 Bxd4 44. Qxd4 Qe1 45. b4 Re6 46. Nc4 Rh6 47. Kb3 Rh4 48. Qd5 Qa1 49. b5 Rc8 50. Bc5 Rh3+ 51. Ne3 Rxe3+ 52. Bxe3 Rc3+ 53. Kb4 Qa3# 0-1

[Event "Sharjah Cup (Women) 12th"]
[Site "Sharjah"]
[Date "2022.12.12"]
[Round "5"]
[White "Berke, Ana"]
[Black "Asgharzadeh, Mitra"]
[Result "1-0"]
[WhiteElo "2149"]
[BlackElo "2029"]
[PlyCount "75"]
[EventDate "2022.12.09"]
[EventType "swiss"]
[EventRounds "9"]
[EventCountry "UAE"]
[SourceTitle "CBM 211 Extra"]
[Source "ChessBase"]
[SourceDate "2023.01.31"]
[SourceVersion "1"]
[SourceVersionDate "2023.01.31"]
[SourceQuality "1"]

1. e4 g6 2. Nc3 Bg7 3. d4 d6 4. Be3 a6 5. a4 Nd7 6. Nf3 e6 7. a5 Ne7 8. Bc4 0-0 9. Qd2 b5 10. axb6 cxb6 11. Bh6 Bb7 12. h4 Nf6 13. Bxg7 Kxg7 14. h5 Neg8 15. hxg6 hxg6 16. Qf4 Nh5 17. Qh2 Ngf6 18. g4 Nxg4 19. Qg2 f5 20. 0-0-0 Qf6 21. Rdg1 b5 22. Bd5 Nf4 23. Qg3 Nxd5 24. exd5 b4 25. Na2 b3 26. Nc3 Bxd5 27. Nxd5 exd5 28. Nd2 bxc2 29. f3 Nh6 30. Qf4 Nf7 31. Rh2 Rh8 32. Rhg2 Rh6 33. Nf1 Rh4 34. Rxg6+ Kh8 35. Qg3 Qd8 36. Rg8+ Qxg8 37. Qxh4+ Qh7 38. Qf6+ 1-0

[Event "Sharjah Cup (Women) 12th"]
[Site "Sharjah"]
[Date "2022.12.09"]
[Round "1"]
[White "Berke, Ana"]
[Black "Al Khelaifi, Kholoud"]
[Result "1/2-1/2"]
[WhiteElo "2149"]
[BlackElo "1489"]
[PlyCount "98"]
[EventDate "2022.12.09"]
[EventType "swiss"]
[EventRounds "9"]
[EventCountry "UAE"]
[SourceTitle "CBM 211 Extra"]
[Source "ChessBase"]
[SourceDate "2023.01.31"]
[SourceVersion "1"]
[SourceVersionDate "2023.01.31"]
[SourceQuality "1"]

1. e4 e6 2. c4 d5 3. exd5 exd5 4. cxd5 Nf6 5. Nc3 Nxd5 6. Nf3 Bf5 7. Qe2+ Be6 8. Qb5+ Nc6 9. Qxb7 Ndb4 10. Bb5 Bd7 11. Ne5 Nxe5 12. Qe4 Bxb5 13. Nxb5 Nbd3+ 14. Kf1 Rb8 15. a4 Bc5 16. f4 Qf6 17. Nxc7+ Kf8 18. Nd5 Qh4 19. g3 Qh3+ 20. Ke2 Qg4+ 21. Kf1 Qf3+ 22. Qxf3 Nxf3 23. b4 Nxb4 24. Ba3 Nxd2+ 25. Kg2 f5 26. Rac1 Ne4 27. Bxb4 Bxb4 28. Nxb4 g6 29. Rhd1 a5 30. Nd3 Kg7 31. Rc7+ Kh6 32. Ne5 Rb2+ 33. Kf3 Rhb8 34. g4 R8b3+ 35. Nd3 Rxh2 36. g5+ Nxg5+ 37. fxg5+ Kxg5 38. Ke3 Ra3 39. Rc4 Rh3+ 40. Kd4 Rh4+ 41. Kc5 Rxc4+ 42. Kxc4 Rxa4+ 43. Kb3 Re4 44. Nc5 Rb4+ 45. Kc3 f4 46. Ra1 Rb5 47. Kc4 Rb4+ 48. Kc3 Rb5 49. Kc4 Rb4+ 1/2-1/2